| 000 | 00372nam a22001337a 4500 | ||
|---|---|---|---|
| 082 | _aP-740 | ||
| 100 |
_aCapt Aamir Irshad _951215 |
||
| 245 |
_aMarble Powder and Steel Fiber's Effect on Concrete Strength _cCapt Aamir Irshad |
||
| 260 |
_aRisalpur, _bMCE, _c2017. |
||
| 300 |
_a49P _bNil |
||
| 526 |
_a0 _b0 _c0 _dP_740 |
||
| 700 |
_aMaj Dr Rizwan _950970 |
||
| 942 |
_2ddc _cBK |
||
| 999 |
_c553962 _d553962 |
||